000 00494nam a2200205Ia 4500
005 20251020182554.0
008 200515s9999 xx 000 0 und d
082 _aR/69(03)/D14/3
110 _aLexus
245 0 _aEnciclopedia practica del constructor
260 _aBarcelona
260 _c199?
300 _a120
650 _aAIRE ACONDICIONADO
650 _aCALEFACCION
650 _aINSTALACIONES ELECTRICAS
650 _aINSTALACIONES SANITARIAS
650 _aLIB
942 _cLIB
999 _c2821
_d2821